00850nam a2200229 a 450000100060000000300080000600500170001400800410003103500190007204000280009104100080011908200240012710000350015124500640018626000580025030000510030850000860035950000570044565100350050265100370053771000460057475315BD-RjUL20211209082654.019 s1954 enkb b 000 0 eng d a(BD-RjUL)75533 aDLCcBBHdNRCdEQObeng aeng a956.9223bHOS 19541 aHourani, Albert H.d1915-1993.10aSyria and Lebanon :ba political essay /cby A. H. Hourani. aLondon ;aNew York :bOxford University Press,c1946. ax, 402 p., [1] folded leaf :b5 maps ;c22 cm. a"Issued under the auspices of the Royal Institute of International Affairs"--t.p. a"Bibliographical note": p. 387-390 - Includes index. 0aSyriaxPolitics and government 0aLebanonxPolitics and government2 aRoyal Institute of International Affairs.